[Event "Titled Tuesday intern op 09th Jan Early"]
[Site "Chess.com INT"]
[Date "2024.01.09"]
[Round "2"]
[White "Crocker, Philip J"]
[Black "Andreikin, Dmitry"]
[Result "0-1"]
[WhiteElo "2137"]
[BlackElo "2729"]
[PlyCount "112"]
[EventDate "2024.01.09"]
[EventType "swiss (blitz)"]
[EventRounds "11"]
[EventCountry "USA"]
[SourceTitle "CB03_2024"]
[SourceDate "2024.01.17"]
[SourceVersion "1"]
[SourceVersionDate "2024.01.17"]
[SourceQuality "1"]

1. c4 e5 2. g3 Nf6 3. Bg2 Nc6 4. Nc3 Bb4 5. Nd5 0-0 6. Nf3 e4 7. Nh4 d6 8. Nxb4 Nxb4 9. a3 Nc6 10. d4 exd3 11. Qxd3 Ne5 12. Qc2 Be6 13. b3 Qd7 14. 0-0 Bh3 15. Bg5 Bxg2 16. Nxg2 Nh5 17. Rad1 Qh3 18. f3 h6 19. Bf4 Rae8 20. Bxe5 Rxe5 21. e4 Rfe8 22. Rd5 Nf6 23. Rxe5 dxe5 24. Rd1 Qe6 25. Ne3 Qb6 26. Qc3 c6 27. Kg2 Rd8 28. Rxd8+ Qxd8 29. h4 Ne8 30. Ng4 f6 31. Nf2 Nc7 32. Qd3 Qe7 33. b4 Ne6 34. Ng4 Nd4 35. Ne3 Qd6 36. c5 Qe6 37. Qc4 Kf7 38. Qxe6+ Kxe6 39. Nc4 g5 40. hxg5 fxg5 41. Kf2 h5 42. Kg2 h4 43. gxh4 gxh4 44. Nd2 Nc2 45. Kh3 Nxa3 46. Kxh4 Nc2 47. Kg4 Nxb4 48. f4 exf4 49. Kxf4 Nd3+ 50. Ke3 Nxc5 51. Nc4 b6 52. Kd4 Nd7 53. Ne3 a5 54. Kc4 Ne5+ 55. Kc3 b5 56. Kd4 a4 0-1

[Event "Titled Tuesday intern op 09th Jan Early"]
[Site "Chess.com INT"]
[Date "2024.01.09"]
[Round "1"]
[White "Crocker, Philip J"]
[Black "Makaraci, Tunahan"]
[Result "1/2-1/2"]
[WhiteElo "2137"]
[BlackElo "2238"]
[PlyCount "96"]
[EventDate "2024.01.09"]
[EventType "swiss (blitz)"]
[EventRounds "11"]
[EventCountry "USA"]
[SourceTitle "CB03_2024"]
[SourceDate "2024.01.17"]
[SourceVersion "1"]
[SourceVersionDate "2024.01.17"]
[SourceQuality "1"]

1. d4 d5 2. Bf4 c5 3. e3 Nc6 4. c3 Nf6 5. Nd2 Bf5 6. Ngf3 e6 7. h3 h6 8. Be2 Bd6 9. Bxd6 Qxd6 10. dxc5 Qxc5 11. Nb3 Qb6 12. 0-0 0-0 13. Nfd4 Bg6 14. Bd3 Bxd3 15. Qxd3 Rfe8 16. a4 Ne5 17. Qb5 Qc7 18. a5 Nc4 19. Ra2 Rac8 20. Rd1 Nd6 21. Qe2 e5 22. Nb5 Nxb5 23. Qxb5 Red8 24. Raa1 Rd6 25. Qb4 Rcd8 26. Nc5 b6 27. Nb3 Ne4 28. axb6 axb6 29. Nd2 Nc5 30. Nf3 e4 31. Nd4 Nd3 32. Qb3 Rf6 33. Rd2 Qe5 34. Ra7 Qg5 35. Qd1 Rg6 36. g3 Nxf2 37. Rxf2 Qxg3+ 38. Kf1 Qxh3+ 39. Ke2 Rf8 40. Kd2 Qg3 41. Qf1 f6 42. Ne6 Re8 43. Nf4 Rg5 44. Rg2 Qh4 45. Rf2 Rf5 46. Rg2 Rg5 47. Rf2 Rf5 48. Rg2 Rg5 1/2-1/2

[Event "Titled Tuesday intern op 09th Jan Early"]
[Site "Chess.com INT"]
[Date "2024.01.09"]
[Round "7"]
[White "Crocker, Philip J"]
[Black "Thake, Conrad"]
[Result "1-0"]
[WhiteElo "2137"]
[BlackElo "1759"]
[PlyCount "77"]
[EventDate "2024.01.09"]
[EventType "swiss (blitz)"]
[EventRounds "11"]
[EventCountry "USA"]
[SourceTitle "CB03_2024"]
[SourceDate "2024.01.17"]
[SourceVersion "1"]
[SourceVersionDate "2024.01.17"]
[SourceQuality "1"]

1. d4 Nf6 2. Bg5 b6 3. Nc3 Bb7 4. f3 e6 5. e4 Be7 6. Nge2 d5 7. e5 Nfd7 8. Bxe7 Qxe7 9. Qd2 Nc6 10. h4 0-0-0 11. 0-0-0 f6 12. f4 fxe5 13. fxe5 Rdf8 14. Nf4 Qf7 15. g3 Ne7 16. Bh3 Nf5 17. Qd3 c5 18. Bxf5 Qxf5 19. Qxf5 exf5 20. Nfxd5 cxd4 21. Rxd4 Nxe5 22. Rf1 Rf7 23. Rxf5 Bxd5 24. Nxd5 Rxf5 25. Ne7+ Kc7 26. Nxf5 g6 27. Ne3 Rf8 28. Ng4 Rf1+ 29. Kd2 Nf3+ 30. Ke2 Nxd4+ 31. Kxf1 Nxc2 32. Nf6 Nb4 33. Nxh7 Nxa2 34. Nf8 Nc1 35. Nxg6 Nd3 36. h5 Nc5 37. h6 Ne4 38. h7 Nxg3+ 39. Ke1 1-0

[Event "Titled Tuesday intern op 09th Jan Early"]
[Site "Chess.com INT"]
[Date "2024.01.09"]
[Round "5"]
[White "Rose, Felix"]
[Black "Crocker, Philip J"]
[Result "1-0"]
[WhiteElo "2091"]
[BlackElo "2137"]
[PlyCount "143"]
[EventDate "2024.01.09"]
[EventType "swiss (blitz)"]
[EventRounds "11"]
[EventCountry "USA"]
[SourceTitle "CB03_2024"]
[SourceDate "2024.01.17"]
[SourceVersion "1"]
[SourceVersionDate "2024.01.17"]
[SourceQuality "1"]

1. e4 c5 2. Nf3 g6 3. d4 cxd4 4. Nxd4 Bg7 5. c4 Nc6 6. Be3 Nf6 7. Nc3 d6 8. Be2 0-0 9. f3 Bd7 10. Qd2 Rc8 11. Rc1 a6 12. b3 Qa5 13. 0-0 Nxd4 14. Bxd4 b5 15. Rfd1 bxc4 16. Bxc4 Bb5 17. Nd5 Qd8 18. Bxf6 exf6 19. Bxb5 Rxc1 20. Rxc1 axb5 21. Rc8 Qd7 22. Rc7 Qe6 23. Qc2 f5 24. Re7 Qc8 25. Qxc8 Rxc8 26. exf5 gxf5 27. Rb7 Rc5 28. Nc7 Be5 29. Rb8+ Kg7 30. Nxb5 Rc1+ 31. Kf2 Rc2+ 32. Ke1 Rxa2 33. g3 Rxh2 34. f4 Bf6 35. Nxd6 Rg2 36. Ne8+ Kg6 37. Rb6 Rxg3 38. Rxf6+ Kh5 39. Rxf7 Rxb3 40. Nf6+ Kg6 41. Rf8 Rb4 42. Nd5 Rb2 43. Kf1 h5 44. Rf6+ Kg7 45. Rxf5 Kg6 46. Rg5+ Kh6 47. Ne3 h4 48. Nf5+ Kh7 49. Nxh4 Kh6 50. Nf5+ Kh7 51. Rg7+ Kh8 52. Rg4 Ra2 53. Ng3 Rb2 54. Ne2 Kh7 55. Kf2 Kh6 56. Kf3 Rb3+ 57. Ke4 Rb2 58. Nd4 Rb4 59. Rh4+ Kg6 60. f5+ Kf7 61. Rh7+ Kf6 62. Rh6+ Kf7 63. Ke5 Ra4 64. Rh7+ Kg8 65. Rc7 Ra5+ 66. Kf6 Ra6+ 67. Ne6 Ra8 68. Kg6 Kh8 69. Rh7+ Kg8 70. f6 Rf8 71. Nxf8 Kxf8 72. Rh8# 1-0

[Event "WchT Seniors 50"]
[Site "Struga"]
[Date "2023.09.26"]
[Round "7.2"]
[White "Hulme, William"]
[Black "Crocker, Philip J"]
[Result "1/2-1/2"]
[WhiteElo "1925"]
[BlackElo "2161"]
[PlyCount "61"]
[EventDate "2023.09.19"]
[EventType "team-swiss"]
[EventRounds "9"]
[EventCountry "MKD"]
[SourceTitle "EXT 2024"]
[Source "ChessBase"]
[SourceDate "2023.10.10"]
[SourceVersion "1"]
[SourceVersionDate "2023.10.10"]
[SourceQuality "1"]
[WhiteTeam "Scotland 50"]
[BlackTeam "England 50 III"]
[WhiteTeamCountry "SCO"]
[BlackTeamCountry "ENG"]

1. d4 d5 2. Nf3 Nf6 3. Bf4 c5 4. e3 Nc6 5. Nbd2 Nh5 6. Be5 e6 7. c3 f6 8. Bg3 g6 9. Bb5 Qb6 10. Bxc6+ bxc6 11. 0-0 Nxg3 12. hxg3 Be7 13. dxc5 Bxc5 14. b4 Be7 15. e4 0-0 16. e5 Ba6 17. Re1 Rad8 18. a4 fxe5 19. a5 Qc7 20. Nxe5 c5 21. Qg4 Rf6 22. Ndf3 Bd6 23. Re3 d4 24. cxd4 cxb4 25. Ng5 Bb7 26. Ne4 Bxe4 27. Qxe4 Bxe5 28. dxe5 Rf5 29. Qxb4 Rxe5 30. Rxe5 Qxe5 31. Re1 1/2-1/2

[Event "EU-chT Seniors 50"]
[Site "Swidnica"]
[Date "2023.07.14"]
[Round "3.3"]
[White "Lauterbach, Ingrid"]
[Black "Crocker, Philip J"]
[Result "1/2-1/2"]
[WhiteElo "2011"]
[BlackElo "2151"]
[PlyCount "28"]
[EventDate "2023.07.12"]
[EventType "team-tourn"]
[EventRounds "9"]
[EventCountry "POL"]
[SourceTitle "CBM 215 Extra"]
[Source "ChessBase"]
[SourceDate "2023.09.30"]
[SourceVersion "1"]
[SourceVersionDate "2023.09.30"]
[SourceQuality "1"]
[WhiteTeam "England 50 (W)"]
[BlackTeam "England 50 II"]
[WhiteTeamCountry "ENG"]
[BlackTeamCountry "ENG"]

1. e4 e5 2. Nc3 Nf6 3. g3 Bc5 4. Bg2 c6 5. d3 d5 6. Nge2 dxe4 7. dxe4 Qxd1+ 8. Nxd1 0-0 9. Be3 Nbd7 10. f3 Re8 11. Bh3 Bf8 12. Nf2 Nc5 13. Bxc8 Raxc8 14. 0-0-0 b6 1/2-1/2

[Event "Titled Tuesday intern op 20th Jun Early"]
[Site "Chess.com INT"]
[Date "2023.06.20"]
[Round "10"]
[White "Crocker, Philip J"]
[Black "Gazineu Neto, Rubens"]
[Result "1-0"]
[WhiteElo "2151"]
[BlackElo "1912"]
[PlyCount "81"]
[EventDate "2023.06.20"]
[EventType "swiss (blitz)"]
[EventRounds "11"]
[EventCountry "USA"]
[SourceTitle "EXT 2024"]
[Source "ChessBase"]
[SourceDate "2023.10.10"]
[SourceVersion "1"]
[SourceVersionDate "2023.10.10"]
[SourceQuality "1"]

1. e4 c5 2. Nf3 Nc6 3. d4 cxd4 4. Nxd4 Nf6 5. Nc3 e5 6. Ndb5 d6 7. Bg5 a6 8. Bxf6 gxf6 9. Na3 b5 10. Nd5 Bg7 11. Bd3 Be6 12. Nxb5 axb5 13. Bxb5 Bd7 14. 0-0 0-0 15. c3 Rb8 16. a4 Ne7 17. c4 Nxd5 18. Qxd5 Be6 19. Qd3 Qc7 20. Rfd1 Rfd8 21. b4 Qc8 22. a5 f5 23. f3 fxe4 24. fxe4 Bd7 25. Bxd7 Rxd7 26. b5 Qc5+ 27. Kh1 Rc7 28. Ra4 Bf8 29. h3 Ra7 30. Qd5 Qc8 31. a6 Rb6 32. Rc1 Qc7 33. Ra2 Qc5 34. Rd2 Rxb5 35. cxb5 Qxc1+ 36. Kh2 Qc7 37. Qd3 Qb6 38. Rc2 d5 39. Qxd5 Bd6 40. Rc6 Qd8 41. Rxd6 1-0

[Event "Titled Tuesday intern op 20th Jun Early"]
[Site "Chess.com INT"]
[Date "2023.06.20"]
[Round "2"]
[White "Crocker, Philip J"]
[Black "Mrudul, Dehankar"]
[Result "0-1"]
[WhiteElo "2151"]
[BlackElo "2030"]
[PlyCount "84"]
[EventDate "2023.06.20"]
[EventType "swiss (blitz)"]
[EventRounds "11"]
[EventCountry "USA"]
[SourceTitle "EXT 2024"]
[Source "ChessBase"]
[SourceDate "2023.10.10"]
[SourceVersion "1"]
[SourceVersionDate "2023.10.10"]
[SourceQuality "1"]

1. e4 c6 2. d4 d5 3. Nd2 dxe4 4. Nxe4 Nf6 5. Nxf6+ exf6 6. c3 Bd6 7. Bd3 0-0 8. Ne2 Re8 9. Qc2 h5 10. h3 Nd7 11. 0-0 h4 12. Bd2 Nf8 13. Rfe1 Qc7 14. b4 Bd7 15. a4 Rad8 16. b5 c5 17. Be3 g6 18. Rad1 c4 19. Be4 f5 20. Bf3 f4 21. Bc1 Bf5 22. Qa2 Ne6 23. Ba3 Ng5 24. Bxd6 Nxf3+ 25. gxf3 Qxd6 26. Kg2 Rc8 27. d5 Bd3 28. Nc1 Rxe1 29. Rxe1 Qxd5 30. Nxd3 Qxd3 31. Qa3 Qd5 32. Qe7 Qd2 33. Re4 Qxc3 34. Rxf4 Qg7 35. Qd7 Rc5 36. Qd8+ Qf8 37. Qxf8+ Kxf8 38. Kf1 c3 39. Rxh4 c2 40. Kg2 c1Q 41. Re4 Rc2 42. Re3 Qxe3 0-1

[Event "Titled Tuesday intern op 20th Jun Early"]
[Site "Chess.com INT"]
[Date "2023.06.20"]
[Round "5"]
[White "Guzman Lozano, Campo Elias"]
[Black "Crocker, Philip J"]
[Result "0-1"]
[WhiteElo "1924"]
[BlackElo "2151"]
[PlyCount "128"]
[EventDate "2023.06.20"]
[EventType "swiss (blitz)"]
[EventRounds "11"]
[EventCountry "USA"]
[SourceTitle "EXT 2024"]
[Source "ChessBase"]
[SourceDate "2023.10.10"]
[SourceVersion "1"]
[SourceVersionDate "2023.10.10"]
[SourceQuality "1"]

1. d4 f5 2. Bg5 g6 3. Nc3 Bg7 4. e4 h6 5. Be3 d6 6. exf5 Bxf5 7. Bd3 Qd7 8. Nge2 Nf6 9. Ng3 e6 10. h4 Nc6 11. h5 g5 12. Nxf5 exf5 13. Qf3 0-0 14. Qxf5 Qxf5 15. Bxf5 Rae8 16. Bg6 Re7 17. 0-0-0 Nb4 18. d5 Ng4 19. Bd4 Ne5 20. a3 Na6 21. Bd3 Nxd3+ 22. Rxd3 Bxd4 23. Rxd4 Rxf2 24. g4 Nc5 25. b4 Na6 26. Rhd1 Re3 27. R1d3 Re1+ 28. Kb2 Rg2 29. Re4 Rxe4 30. Nxe4 Kg7 31. Rg3 Re2 32. Nc3 Rd2 33. Kc1 Rd4 34. Ne2 Re4 35. Kd2 Nb8 36. Kd3 Re5 37. c4 Nd7 38. Nd4 Re1 39. Kd2 Ra1 40. Nf5+ Kh7 41. Re3 Ne5 42. Rc3 Rxa3 43. Rxa3 Nxc4+ 44. Kc3 Nxa3 45. Nd4 Nb1+ 46. Kc2 Na3+ 47. Kb3 Nb1 48. Nb5 Nd2+ 49. Kc3 Ne4+ 50. Kd4 Nf2 51. Nxc7 Nxg4 52. Ne8 Nf2 53. Nxd6 g4 54. Nf5 Nh3 55. d6 Ng5 56. d7 Nf7 57. Kd5 Kg8 58. Ke6 Kf8 59. Nxh6 Nd8+ 60. Kf6 g3 61. Nf5 g2 62. h6 g1Q 63. h7 Qa1+ 64. Kg6 Qh8 0-1

[Event "Titled Tuesday intern op 20th Jun Early"]
[Site "Chess.com INT"]
[Date "2023.06.20"]
[Round "1"]
[White "Yaniuk, Volodymyr"]
[Black "Crocker, Philip J"]
[Result "1-0"]
[WhiteElo "2223"]
[BlackElo "2151"]
[PlyCount "119"]
[EventDate "2023.06.20"]
[EventType "swiss (blitz)"]
[EventRounds "11"]
[EventCountry "USA"]
[SourceTitle "EXT 2024"]
[Source "ChessBase"]
[SourceDate "2023.10.10"]
[SourceVersion "1"]
[SourceVersionDate "2023.10.10"]
[SourceQuality "1"]

1. c4 c5 2. Nf3 Nf6 3. Nc3 Nc6 4. e3 e6 5. d4 cxd4 6. Nxd4 d5 7. cxd5 exd5 8. Bb5 Bd7 9. 0-0 Bd6 10. Be2 0-0 11. b3 a6 12. Bb2 Re8 13. Nxc6 Bxc6 14. Bf3 Be5 15. Rc1 Rc8 16. Qd2 Qd6 17. h3 Red8 18. Ne2 Bxb2 19. Qxb2 Bb5 20. Rfd1 Bxe2 21. Qxe2 Rxc1 22. Rxc1 Qe5 23. Qd2 Ne4 24. Qc2 h6 25. Qc7 Qxc7 26. Rxc7 Rb8 27. Bxe4 dxe4 28. Kf1 Kf8 29. Ke2 b6 30. g4 g6 31. Rc4 f5 32. gxf5 gxf5 33. Rc6 Kg7 34. h4 a5 35. h5 b5 36. Rg6+ Kh7 37. Rf6 a4 38. Rxf5 axb3 39. axb3 b4 40. Re5 Rc8 41. Rxe4 Rc2+ 42. Kf3 Rc3 43. Rxb4 Kg7 44. Rb6 Rc5 45. Kg4 Rg5+ 46. Kh4 Rg2 47. f3 Re2 48. e4 Re3 49. Kg4 Re1 50. f4 Rg1+ 51. Kf5 Rh1 52. Rb7+ Kg8 53. Kg6 Rg1+ 54. Kxh6 Rf1 55. Kg6 Rg1+ 56. Kf5 Rh1 57. Ke6 Rxh5 58. f5 Rh4 59. e5 Rh6+ 60. f6 1-0

[Event "ENG-ch Seniors 50"]
[Site "Leamington Spa"]
[Date "2023.05.07"]
[Round "6"]
[White "Davies, Nigel Rodney"]
[Black "Crocker, Philip J"]
[Result "1-0"]
[WhiteElo "2379"]
[BlackElo "2148"]
[PlyCount "83"]
[EventDate "2023.05.04"]
[EventType "swiss"]
[EventRounds "7"]
[EventCountry "ENG"]
[SourceTitle "CBM 214 Extra"]
[Source "ChessBase"]
[SourceDate "2023.07.31"]
[SourceVersion "1"]
[SourceVersionDate "2023.07.31"]
[SourceQuality "1"]

1. g3 d5 2. Nf3 Bg4 3. Bg2 Nd7 4. c4 e6 5. cxd5 exd5 6. 0-0 Ngf6 7. h3 Bxf3 8. Bxf3 c6 9. d3 Bc5 10. Qc2 0-0 11. Bg2 Re8 12. e3 Bb6 13. Nd2 Ne5 14. Nf3 Qd7 15. Nh2 Qf5 16. Rd1 Rad8 17. a4 Bc7 18. b4 Bb8 19. Bb2 h5 20. Qe2 h4 21. g4 Qe6 22. Nf3 Ng6 23. Qf1 Nxg4 24. hxg4 Qxg4 25. Nh2 Qxb4 26. Rab1 Qd6 27. Nf3 h3 28. Bxh3 Nh4 29. Qe2 d4 30. Bxd4 Qg6+ 31. Kf1 Nf5 32. Bxf5 Qxf5 33. Ba1 Bc7 34. Qb2 f6 35. Qb3+ Rd5 36. Ke2 Bb6 37. Rh1 Qe6 38. Rh4 f5 39. Rbh1 Bxe3 40. Rh8+ Kf7 41. Rxe8 Kxe8 42. fxe3 1-0

[Event "ENG-ch Seniors 50"]
[Site "Leamington Spa"]
[Date "2023.05.05"]
[Round "2"]
[White "Hebden, Mark"]
[Black "Crocker, Philip J"]
[Result "1-0"]
[WhiteElo "2434"]
[BlackElo "2148"]
[PlyCount "79"]
[EventDate "2023.05.04"]
[EventType "swiss"]
[EventRounds "7"]
[EventCountry "ENG"]
[SourceTitle "CBM 214 Extra"]
[Source "ChessBase"]
[SourceDate "2023.07.31"]
[SourceVersion "1"]
[SourceVersionDate "2023.07.31"]
[SourceQuality "1"]

1. d4 d5 2. c4 c6 3. Nf3 Nf6 4. e3 e6 5. Nbd2 Be7 6. Bd3 0-0 7. 0-0 Nbd7 8. b3 b6 9. Bb2 Bb7 10. Rc1 c5 11. cxd5 Nxd5 12. Bb1 cxd4 13. Nxd4 Rc8 14. Nc4 a6 15. Qg4 N5f6 16. Qg3 Nc5 17. Rfd1 Nce4 18. Qh3 Ng5 19. Qh4 Nfe4 20. Qg4 f5 21. Qe2 Bd5 22. f3 Nc5 23. b4 Na4 24. Ba1 Qc7 25. Nxf5 Rxf5 26. Nxb6 Qxc1 27. Nxc8 Qxc8 28. Bxf5 Bxf3 29. Bxh7+ Kxh7 30. gxf3 Qc6 31. Rf1 Bxb4 32. Qg2 Be7 33. h4 Nxf3+ 34. Qxf3 Qxf3 35. Rxf3 Nc5 36. Rf7 Bxh4 37. Rxg7+ Kh6 38. Rc7 Bg5 39. Bd4 Ne4 40. Rc6 1-0

[Event "BCF-chT2 2223 (4NCL)"]
[Site "England"]
[Date "2023.03.18"]
[Round "7.53"]
[White "Waller, Dan"]
[Black "Crocker, Philip J"]
[Result "1-0"]
[WhiteElo "2164"]
[BlackElo "2196"]
[PlyCount "95"]
[EventDate "2022.10.22"]
[EventType "team-tourn"]
[EventRounds "11"]
[EventCountry "ENG"]
[SourceTitle "EXT 2024"]
[Source "ChessBase"]
[SourceDate "2023.10.10"]
[SourceVersion "1"]
[SourceVersionDate "2023.10.10"]
[SourceQuality "1"]
[WhiteTeam "Schach Attack"]
[BlackTeam "Spirit of Atticus"]
[WhiteTeamCountry "ENG"]
[BlackTeamCountry "ENG"]

1. e4 e5 2. Nf3 Nc6 3. Bc4 Nf6 4. Ng5 d5 5. exd5 Na5 6. Bb5+ c6 7. dxc6 bxc6 8. Bd3 Nd5 9. h4 h6 10. Qh5 Qf6 11. Ne4 Qe6 12. Ng5 Qf6 13. Ne4 Qe6 14. b3 g6 15. Qd1 f5 16. Nec3 Nf4 17. Bf1 Bb7 18. g3 Nd5 19. Bg2 0-0-0 20. 0-0 g5 21. h5 g4 22. Nxd5 cxd5 23. d4 e4 24. Nc3 Ba6 25. Ne2 Bd6 26. Re1 Bxe2 27. Qxe2 Bc7 28. Be3 f4 29. Bxf4 Bxf4 30. gxf4 Rhf8 31. c4 dxc4 32. Bxe4 Nc6 33. d5 Rxd5 34. Qxc4 Rd6 35. Qxe6+ Rxe6 36. Rac1 Kc7 37. Bxc6 Rxe1+ 38. Rxe1 Kxc6 39. Re6+ Kb5 40. Rxh6 Rxf4 41. Rg6 Rf5 42. h6 Rh5 43. Kg2 Rh3 44. f3 Rxf3 45. Rxg4 Rf7 46. Rh4 Rh7 47. Kf3 a5 48. Ke4 1-0

[Event "Titled Tuesday intern op 21st Feb Early"]
[Site "Chess.com INT"]
[Date "2023.02.21"]
[Round "9"]
[White "Orzech, Dominik"]
[Black "Crocker, Philip J"]
[Result "1/2-1/2"]
[WhiteElo "2308"]
[BlackElo "2128"]
[PlyCount "46"]
[EventDate "2023.02.21"]
[EventType "swiss (blitz)"]
[EventRounds "11"]
[EventCountry "USA"]
[SourceTitle "CBM 212 Extra"]
[Source "ChessBase"]
[SourceDate "2023.03.31"]
[SourceVersion "1"]
[SourceVersionDate "2023.03.31"]
[SourceQuality "1"]

1. e4 Nf6 2. Nc3 e5 3. Nf3 Nc6 4. Bc4 Nxe4 5. Bxf7+ Kxf7 6. Nxe4 d5 7. Nc3 d4 8. Ne4 Bf5 9. d3 h6 10. 0-0 Bd6 11. Bd2 Rf8 12. c3 Kg8 13. Qb3+ Kh7 14. Qxb7 Qd7 15. Qb3 Rab8 16. Qc2 Bxe4 17. dxe4 Rxf3 18. gxf3 Qh3 19. Kh1 Qxf3+ 20. Kg1 Qg4+ 21. Kh1 Qf3+ 22. Kg1 Qg4+ 23. Kh1 Qf3+ 1/2-1/2

[Event "Cambridge op"]
[Site "Cambridge"]
[Date "2023.02.19"]
[Round "9"]
[White "Crocker, Philip J"]
[Black "Villiers, Thomas"]
[Result "1/2-1/2"]
[WhiteElo "2128"]
[BlackElo "2186"]
[PlyCount "37"]
[EventDate "2023.02.15"]
[EventType "swiss"]
[EventRounds "9"]
[EventCountry "ENG"]
[SourceTitle "CBM 212 Extra"]
[Source "ChessBase"]
[SourceDate "2023.03.31"]
[SourceVersion "1"]
[SourceVersionDate "2023.03.31"]
[SourceQuality "1"]

1. d4 Nf6 2. c4 e6 3. g3 d5 4. Nf3 Be7 5. Bg2 0-0 6. 0-0 c6 7. Qc2 b6 8. Nbd2 Nbd7 9. e4 Ba6 10. e5 Ne8 11. Re1 Rc8 12. cxd5 cxd5 13. Qd1 Qc7 14. Nf1 Qc2 15. Qxc2 Rxc2 16. Ne3 Rc6 17. Bd2 Nc7 18. Rac1 Nb8 19. Rxc6 1/2-1/2

[Event "Cambridge op"]
[Site "Cambridge"]
[Date "2023.02.17"]
[Round "6"]
[White "Crocker, Philip J"]
[Black "Gormally, Daniel"]
[Result "1/2-1/2"]
[WhiteElo "2128"]
[BlackElo "2448"]
[PlyCount "38"]
[EventDate "2023.02.15"]
[EventType "swiss"]
[EventRounds "9"]
[EventCountry "ENG"]
[SourceTitle "CBM 212 Extra"]
[Source "ChessBase"]
[SourceDate "2023.03.31"]
[SourceVersion "1"]
[SourceVersionDate "2023.03.31"]
[SourceQuality "1"]

1. d4 Nf6 2. c4 e6 3. g3 d5 4. Nf3 Be7 5. Bg2 0-0 6. 0-0 dxc4 7. Qc2 b5 8. a4 b4 9. Nfd2 c6 10. Nxc4 Qxd4 11. Be3 Qg4 12. Nbd2 Qh5 13. Nf3 Nd5 14. Bd2 c5 15. Nfe5 f6 16. Bf3 Qe8 17. Be4 Qh5 18. Bf3 Qe8 19. Be4 Qh5 1/2-1/2

[Event "Cambridge op"]
[Site "Cambridge"]
[Date "2023.02.17"]
[Round "5"]
[White "Crocker, Philip J"]
[Black "Korneev, Oleg"]
[Result "0-1"]
[WhiteElo "2128"]
[BlackElo "2485"]
[PlyCount "60"]
[EventDate "2023.02.15"]
[EventType "swiss"]
[EventRounds "9"]
[EventCountry "ENG"]
[SourceTitle "CBM 212 Extra"]
[Source "ChessBase"]
[SourceDate "2023.03.31"]
[SourceVersion "1"]
[SourceVersionDate "2023.03.31"]
[SourceQuality "1"]

1. d4 d5 2. c4 c6 3. Nf3 Nf6 4. e3 Bf5 5. Nc3 e6 6. Nh4 Be4 7. f3 Bg6 8. Qb3 Qc7 9. Bd2 Be7 10. g3 Nbd7 11. cxd5 exd5 12. Be2 0-0 13. Nxg6 hxg6 14. 0-0 Rfe8 15. Rad1 Bd6 16. Kg2 Nf8 17. Bc1 Nh5 18. Rf2 Ne6 19. e4 Bxg3 20. hxg3 Qxg3+ 21. Kf1 Nef4 22. Bxf4 Nxf4 23. Rd2 Qh4 24. Ke1 Ng2+ 25. Kd1 Qxf2 26. Qxb7 Rab8 27. Qxc6 Rec8 28. Qa4 Rxc3 29. bxc3 Qe1+ 30. Kc2 Qb1# 0-1

[Event "Cambridge op"]
[Site "Cambridge"]
[Date "2023.02.16"]
[Round "3"]
[White "Crocker, Philip J"]
[Black "Murawski, Jan"]
[Result "1-0"]
[WhiteElo "2128"]
[BlackElo "1708"]
[PlyCount "69"]
[EventDate "2023.02.15"]
[EventType "swiss"]
[EventRounds "9"]
[EventCountry "ENG"]
[SourceTitle "CBM 212 Extra"]
[Source "ChessBase"]
[SourceDate "2023.03.31"]
[SourceVersion "1"]
[SourceVersionDate "2023.03.31"]
[SourceQuality "1"]

1. d4 Nf6 2. c4 e6 3. g3 d5 4. Nf3 Be7 5. Bg2 0-0 6. 0-0 dxc4 7. Qc2 Bd7 8. Qxc4 Bc6 9. Nc3 Ne4 10. Bf4 Bd6 11. Rac1 Bxf4 12. gxf4 Nxc3 13. Rxc3 Nd7 14. Ne5 Nxe5 15. dxe5 Bxg2 16. Kxg2 Rc8 17. Rd3 Qe7 18. Qe4 b6 19. Rfd1 Rcd8 20. a3 Rxd3 21. Qxd3 Qe8 22. Qd7 Qxd7 23. Rxd7 Rc8 24. e4 g6 25. f5 exf5 26. exf5 gxf5 27. Kf3 Kg7 28. Kf4 Kg6 29. Rd3 f6 30. e6 h5 31. Rg3+ Kh6 32. Kxf5 Re8 33. f4 c5 34. Kxf6 Rf8+ 35. Ke5 1-0